Fr. Conceicao Rodrigues College of Engineering

Op-Amps and linear integrated circuits (Record no. 35124)

MARC details
000 -LEADER
fixed length control field 00380nam a2200169Ia 4500
082 ## - DEWEY DECIMAL CLASSIFICATION NUMBER
Classification number 621.3815
Item number GAY
100 ## - MAIN ENTRY--PERSONAL NAME
Personal name Gayakwad/Ramakant A
250 ## - EDITION STATEMENT
Edition statement 4
245 ## - TITLE STATEMENT
Title Op-Amps and linear integrated circuits
260 ## - PUBLICATION, DISTRIBUTION, ETC.
Name of publisher, distributor, etc. prentice hall
Date of publication, distribution, etc. 2000
366 ## - TRADE AVAILABILITY INFORMATION
Publishers's discount category 25
300 ## - PHYSICAL DESCRIPTION
Extent 543
546 ## - LANGUAGE NOTE
Language note ENGLISH
650 ## - SUBJECT ADDED ENTRY--TOPICAL TERM
Topical term or geographic name entry element Linear Integrated circuits
654 ## - SUBJECT ADDED ENTRY--FACETED TOPICAL TERMS
Focus term op amps
942 ## - ADDED ENTRY ELEMENTS (KOHA)
Koha item type BOOK
Holdings
Withdrawn status Lost status Damaged status Not for loan Collection Home library Current library Date acquired Source of acquisition Cost, normal purchase price Inventory number Total Checkouts Full call number Barcode Date last seen Cost, replacement price Price effective from Koha item type
        CRC Fr. Agnel's C.Rodrigues College of Engineering Fr. Agnel's C.Rodrigues College of Engineering 17/03/2023 Professional Book house 187.50 147 dt 23/12/2009   621.3815 GAY 20258 17/03/2023 250.00   BOOK
        CRC Fr. Agnel's C.Rodrigues College of Engineering Fr. Agnel's C.Rodrigues College of Engineering 17/03/2023 Professional Book house 187.50 147 dt 23/12/2009   621.3815 GAY 20259 17/03/2023 250.00   BOOK
        CRC Fr. Agnel's C.Rodrigues College of Engineering Fr. Agnel's C.Rodrigues College of Engineering 17/03/2023 Professional Book house 187.50 147 dt 23/12/2009   621.3815 GAY 20260 17/03/2023 250.00   BOOK
        CRC Fr. Agnel's C.Rodrigues College of Engineering Fr. Agnel's C.Rodrigues College of Engineering 17/03/2023 Professional Book house 187.50 147 dt 23/12/2009   621.3815 GAY 20261 17/03/2023 250.00   BOOK
        CRC Fr. Agnel's C.Rodrigues College of Engineering Fr. Agnel's C.Rodrigues College of Engineering 17/03/2023 Professional Book house 187.50 147 dt 23/12/2009   621.3815 GAY 20262 17/03/2023 250.00   BOOK